00847nam a22002537a 450000500170000001000180001702000420003502000420007702000420011903500130016103500130017403700130018708200080020010000180020824500780022626000440030427000470034830000490039550000420044450000490048665000150053565000220055070000210057220100730122221.0 aENG-97165-166 a8183160670 (set)c1195.00 (set price) a8183160689 (v-1)c1195.00 (set price) a8183160697 (v-2)c1195.00 (set price) aEN-80698 aEN-80699 bDBAD/PUB a302 aChoube, S. P. aGroundwork for social psychology /cby S. P. Choube [and] Akhilesh Choube aHyderabadbNeelkamal Publicationsc2006 aSultan Bazar, HyderabadbHyderabade500095 a2V (xxviii, 304p.; xxviii, 624p.)c23cm (Hb) aThis book is published in two volumes aIncludes bibliographical refrences and index aPsychology aSocial phychology aChoube, Akhilesh